000 00721nam a22001817a 4500
003 OSt
005 20260113091613.0
008 260113b |||||||| |||| 00| 0 eng d
020 _a9789966 1962 7 9
040 _aNIRU
_bEN
_cNIRU
050 _aHV 6433.K42
_b.R33 2021
100 _aBoga, Iddi Hamadi
245 _aRadicalization into violent extremism in coastal Kenya
_bGenesis, impact and responses
_cBoga, Hamadi Iddi, Shauri, Halimu Suleiman, Mwakimako, Hassan Abdulrahman, Mraja, Mohamed Suleiman, Ouma, Stephen Akoth
260 _aNairobi, Kenya
_bHorn international institute for strategic studies
_c2021
300 _a177 p.
650 _aradicalization
_vViolent extremism
_xcoastal region
_zKenya
942 _2lcc
_cBK
_n0
999 _c597
_d597